Cornwall Cities/Towns/Villages - Statistics

General Stats
  • This quiz has been taken 196 times
  • The average score is 26 of 81
Answer Stats
Hint Answer % Correct
23041 Truro
93%
19872 Penzance
92%
9966 St Ives
88%
20189 Newquay
86%
31988 Falmouth
84%
25447 St Austell
79%
42690 Redruth
78%
14614 Bodmin
77%
22500 Camborne
76%
7011 Bude
66%
12184 Helston
65%
8210 Hayle
63%
8910 Launceston
63%
5112 Looe
62%
2296 Padstow
62%
15566 Saltash
62%
9237 Liskeard
61%
6599 Wadebridge
56%
2131 Fowey
52%
7326 Penryn
51%
906 Lizard
50%
3210 Perranporth
50%
2820 St Agnes
46%
1957 St Just
45%
9462 Par
44%
1028 Tintagel
44%
697 Mousehole
39%
2117 Mevagissey
37%
1203 Rock
37%
2335 Camelford
36%
2659 Lostwithiel
35%
1294 Marazion
35%
963 Portreath
31%
1206 Polperro
29%
3059 Porthleven
28%
5786 Callington
27%
1955 Mullion
26%
7717 Torpoint
26%
1449 Polzeath
25%
641 Boscastle
24%
3170 St Columb Major
24%
2517 Roche
21%
537 Grampound
20%
2206 St Dennis
19%
2873 Bugle
17%
1207 Perranwell
17%
1463 Stithians
17%
819 Constantine
16%
255 Coverack
16%
1906 Probus
16%
2252 St Stephen
15%
801 Crantock
14%
722 Flushing
14%
4044 Gunnislake
14%
667 Gweek
14%
700 St Day
14%
400 Devoran
13%
303 Mawgan Porth
11%
1226 Chacewater
10%
967 Ponsanooth
10%
893 Gorran Haven
9%
614 Polruan
9%
790 Calstock
8%
771 Cubert
8%
1647 Delabole
8%
1418 Dobwalls
8%
2563 Nanpean
8%
1500 Portscatho
7%
175 Germoe
6%
267 Leedstown
6%
558 Ruan Minor
6%
1068 Hugh Town
5%
2100 Isles of Scilly
5%
853 Kilkhampton
5%
626 Madron
5%
535 Gerrans
4%
308 Lerryn
4%
782 Menheniot
4%
471 Breage
3%
658 Marhamchurch
3%
763 Pelynt
2%
No matching quizzes found
Score Distribution
Percent of People with Each Score
Percentile by Number Answered
Your Score History
You have not taken this quiz